|
|
|
|
| LEADER |
00000nam0a2200000 4500 |
| 001 |
261585 |
| 005 |
20231101233558.0 |
| 010 |
|
|
|a 511000241X
|
| 020 |
|
|
|a RU
|b 88-34940
|
| 035 |
|
|
|a (RuTPU)RU\TPU\book\284566
|
| 090 |
|
|
|a 261585
|
| 100 |
|
|
|a 20140524d1988 m y0rusy5003 ca
|
| 101 |
0 |
|
|a rus
|
| 102 |
|
|
|a UA
|
| 105 |
|
|
|a a j 001zy
|
| 200 |
1 |
|
|a Основы научных исследований. Радиоэлектроника
|e учебное пособие для вузов
|f Э. Ф. Бабуров, Э. Л. Куликов, В. К. Маригодов
|
| 210 |
|
|
|a Киев
|c Выща школа
|d 1988
|
| 215 |
|
|
|a 230 с.
|c ил.
|d 20 см
|
| 320 |
|
|
|a Библиогр.: с. 223-227 (73 назв.)
|
| 606 |
1 |
|
|a Радиоэлектроника
|x Научно-исследовательская работа
|2 stltpush
|3 (RuTPU)RU\TPU\subj\23351
|9 47962
|
| 610 |
1 |
|
|a творчество
|
| 610 |
1 |
|
|a ученые
|
| 610 |
1 |
|
|a подготовка
|
| 610 |
1 |
|
|a информационный поиск
|
| 610 |
1 |
|
|a научные решения
|
| 610 |
1 |
|
|a технические решения
|
| 610 |
1 |
|
|a вариационные методы
|
| 610 |
1 |
|
|a оценка
|
| 610 |
1 |
|
|a метрология
|
| 610 |
1 |
|
|a планирование эксперимента
|
| 610 |
1 |
|
|a учебные пособия
|
| 675 |
|
|
|a 621.37/.39(075.8)
|z rus
|v 3
|
| 700 |
|
1 |
|a Бабуров
|b Э. Ф.
|g Эдуард Федорович
|4 070
|
| 701 |
|
1 |
|a Куликов
|b Э. Л.
|g Эдуард Леонидович
|
| 701 |
|
1 |
|a Маригодов
|b В. К.
|g Владимир Константинович
|
| 801 |
|
0 |
|a RU
|b RuMRKP
|c 19950417
|g psbo
|
| 801 |
|
1 |
|a RU
|b 63413507
|c 20140524
|
| 801 |
|
2 |
|a RU
|b 63413507
|c 20160606
|g RCR
|
| 942 |
|
|
|c BK
|